Synopsis of the second Conference of Non-aligned Countries, October 5-10, 1964. (Record no. 49459)

MARC details
000 -LEADER
fixed length control field 00624cam a22001931 4500
001 - CONTROL NUMBER
control field ne 67000497
003 - CONTROL NUMBER IDENTIFIER
control field DLC
005 - DATE AND TIME OF LATEST TRANSACTION
control field 20260227111830.0
008 - FIXED-LENGTH DATA ELEMENTS--GENERAL INFORMATION
fixed length control field 830523s1964 ua 100 0 eng
010 ## - LIBRARY OF CONGRESS CONTROL NUMBER
LC control number ne 67000497
035 ## - SYSTEM CONTROL NUMBER
System control number (OCoLC)16762445
040 ## - CATALOGING SOURCE
Original cataloging agency DLC
Transcribing agency OrPS
Modifying agency DLC
042 ## - AUTHENTICATION CODE
Authentication code premarc
050 00 - LIBRARY OF CONGRESS CALL NUMBER
Classification number D839.2
Item number .C65 1964c
111 2# - MAIN ENTRY--MEETING NAME
Meeting name or jurisdiction name as entry element Conference of Heads of State or Government of Non-aligned Countries
Number of part/section/meeting (2nd :
Date of meeting or treaty signing 1964 :
Location of meeting Cairo, Egypt)
245 00 - TITLE STATEMENT
Title Synopsis of the second Conference of Non-aligned Countries, October 5-10, 1964.
260 ## - PUBLICATION, DISTRIBUTION, ETC.
Place of publication, distribution, etc. Cairo,
Name of publisher, distributor, etc. Information Dept.
Date of publication, distribution, etc. [1964]
300 ## - PHYSICAL DESCRIPTION
Extent xi, 86 p.
Dimensions 24 cm.

No items available.

Powered by Koha